| 000 | 00578cam a22002291 4500 | ||
|---|---|---|---|
| 001 | sa 67001405 | ||
| 003 | DLC | ||
| 005 | 20260227112322.0 | ||
| 008 | 941012s1965 ii 000 0 orio | ||
| 010 | _asa 67001405 | ||
| 025 | _aPL480:I-O-563 | ||
| 035 | _a(OCoLC)31273880 | ||
| 040 |
_aDLC _cCU _dCU _dDLC |
||
| 042 | _apremarc | ||
| 050 | 0 | 0 |
_aPK2572 _b.J4 |
| 100 | 1 |
_aJena, Murari Mohan, _d1934- |
|
| 245 | 1 | 0 | _aOḍiā sāhityaru kichi. |
| 260 | _c[1965] | ||
| 300 |
_a3, 2, 308 p. _c22 cm. |
||
| 500 | _aIn Oriya. | ||
| 650 | 0 |
_aOriya poetry _xHistory and criticism. |
|
| 999 |
_c72607 _d72607 |
||